000 01527nam0a2200337 4500
001 RU\NLR\BIBL_A\016311479
005 20260409070012.0
010 _a978-5-903161-02-7
035 _a(NLR Aleph) 016311479
090 _a13003897
_c13003897
100 _a20230315d2007 |||y0rusy50 ca
101 0 _arus
102 _aRU
105 _aa g 001zy
181 0 _ai
_baxxe
182 0 _an
200 1 _aСправочник финансиста в формулах и примерах
_fА. Л. Зорин, Е. А. Зорин, Е. Н. Иванова [и др.]
_gпод общей редакцией Е. Н. Ивановой и О. С. Илюшиной
203 _aТекст
_bвизуальный
_cнепосредственный
210 _aМосква
_cПрофессиональное изд-во
_d2007
215 _a219 с.
_cил.
_d25
225 1 _aБиблиотека журнала "Справочник экономиста"
_vвып. 2
320 _aПредм. указ.: с. 216-219
606 _aФинансы
_jСправочники
_3RU\NLR\AUTH\66113465
_91099997
686 1 _aУ26(2)я2
701 1 _aЗорин
_bА. Л.
_gАнатолий Леонидович
701 1 _aЗорина
_bЕ. А.
_gЕкатерина Анатольевна
701 1 _7ca
_8rus
_aИванова
_bЕ. Н.
_cэкономист, финансы
_gЕкатерина Николаевна
_9253873
_3RU\NLR\AUTH\770253929
942 _cBOOK
980 _aNB